000 01364cam a22003857a 4500
003 CHAP
005 20220817043533.0
008 990520d1998 ii a r 00010 eng d
010 _a77881
011 _a78853
020 _a9290662905
035 _a88955
040 _cCHAP
090 _aFolleto 15358
100 0 0 _aYoum, O.
_9123188
245 0 _aUse of pheromone traps for monitoring the millet stem borer (Coniesta ignefusalis)
_c/by O. Youm, D. Russell and D.R. Hall
260 _aAndhra Pradesh, India :
_bInternational Crops Research Institute for the Semi-Arid Tropics,
_c1998.
300 _a14 p. :
_bilus.
410 0 1 _aInternational Crops Research Institute for the Semi-Arid Tropics
490 0 _aInformation bulletin
_v; 40
590 _aBATCH-UPD
_b10
_c20130110
_lUCH01
_h0528
590 _aBATCH-UPD
_b10
_c20130110
_lUCH01
_h2240
590 _aCONVERSION
_b10
_c20130109
_lUCH01
_h1343
650 1 4 _aConiesta ignefusalis.
_927177
650 1 4 _aFeromonas.
_940358
650 1 4 _aTrampas para insectos.
_9114609
700 0 _aHall, D. R.
_952309
700 0 _aRussell, O.
_9100969
810 0 1 _aInternational Crops Research Institute for the Semi-Arid Tropics
830 0 _aInformation bulletin
_v; 40
_958099
901 _aBK
905 _aLilia Sánchez G,.
942 _cFOLL
949 _aFolleto 15358
_bBC
_cFOLL
_d889551
_eTS1
_i88955
_sb
999 _c77881
_d77881